[Event "Frankfurt Ch A 2015"]
[Site "Ffm-Höchst, BiKuZ"]
[Date "2015.05.18"]
[Round "4.46"]
[White "Zerhusen, Martin"]
[Black "Münstermann, Matthias"]
[Result "1/2-1/2"]
[WhiteElo "1596"]
[BlackElo "1532"]
[PlyCount "92"]
[EventDate "2015.??.??"]
[WhiteTeam "SV Oberursel"]
[BlackTeam "SK Langen"]

1. d4 Nf6 2. c4 g6 3. Nf3 Bg7 4. Nc3 d5 5. e3 O-O 6. a3 Re8 7. b4 c6 8. Bb2
Nbd7 9. Qb3 e5 10. cxd5 exd4 11. Nxd4 Nb6 12. Be2 Nfxd5 13. Rd1 Qg5 14. O-O
Nxc3 15. Bxc3 Nd5 16. Bf3 Nxc3 17. Qxc3 Bg4 18. Bxg4 Qxg4 19. Qc2 Rad8 20. Nf3
Qe6 21. h3 Qf6 22. Nd4 Rd7 23. b5 Red8 24. bxc6 bxc6 25. Nf3 Rxd1 26. Rxd1
Rxd1+ 27. Qxd1 Qe7 28. Qb3 c5 29. Qc4 Qc7 30. g3 h6 31. h4 Qd6 32. Kg2 Qc6 33.
a4 Qb6 34. Nd2 Qb4 35. Qc2 Qc3 36. Qxc3 Bxc3 37. Nc4 Kg7 38. e4 Kf6 39. f4 h5
40. Nd6 Bb4 41. Kf3 Ke6 42. Nc4 f6 43. Ne3 Bd2 44. Nc4 Be1 45. Ne3 Bd2 46. Nc4
Be1 1/2-1/2

[Event "Frankfurt Ch A 2015"]
[Site "Ffm-Höchst, BiKuZ"]
[Date "2015.05.18"]
[Round "4.47"]
[White "Laufenburg, Frank"]
[Black "Friedel, Thomas"]
[Result "1/2-1/2"]
[WhiteElo "1595"]
[BlackElo "1505"]
[PlyCount "37"]
[EventDate "2015.??.??"]
[WhiteTeam "SC Bergen-Enkheim"]
[BlackTeam "SV Groß-Gerau"]

1. Nf3 d5 2. b3 Nf6 3. Bb2 Bg4 4. e3 e6 5. Be2 Bd6 6. Ne5 Bxe2 7. Qxe2 O-O 8.
O-O Nbd7 9. Nxd7 Nxd7 10. d3 Be5 11. Bxe5 Nxe5 12. d4 Nd7 13. Nd2 Nf6 14. c4 c6
15. c5 Qc7 16. f4 Rfe8 17. b4 a6 18. h3 Nd7 19. Nf3 1/2-1/2

[Event "Frankfurt Ch A 2015"]
[Site "Ffm-Höchst, BiKuZ"]
[Date "2015.05.18"]
[Round "4.48"]
[White "Manasek, Martin"]
[Black "Cichon, Jörg"]
[Result "1/2-1/2"]
[WhiteElo "1362"]
[BlackElo "1581"]
[PlyCount "37"]
[EventDate "2015.??.??"]
[WhiteTeam "Bad Vilbeler Sfr"]
[BlackTeam "SF Mainz"]

1. d4 Nf6 2. c4 g6 3. Nc3 Bg7 4. Nf3 d6 5. e4 O-O 6. Be2 e5 7. dxe5 dxe5 8.
Qxd8 Rxd8 9. O-O Nc6 10. Bg5 Nd4 11. Rad1 Nxe2+ 12. Nxe2 Bg4 13. Nc3 Bxf3 14.
gxf3 c6 15. Rxd8+ Rxd8 16. Rd1 Rd4 17. b3 h6 18. Be3 Rxd1+ 19. Nxd1 1/2-1/2

[Event "Frankfurt Ch A 2015"]
[Site "Ffm-Höchst, BiKuZ"]
[Date "2015.05.18"]
[Round "4.49"]
[White "Heun, Andreas"]
[Black "Bernhardt, Winfried"]
[Result "1-0"]
[WhiteElo "1571"]
[BlackElo "1385"]
[PlyCount "91"]
[EventDate "2015.??.??"]
[WhiteTeam "SC Ladja Roßdorf"]
[BlackTeam "SV Nauheim"]

1. e4 e5 2. Nc3 Nf6 3. f4 d6 4. Nf3 exf4 5. d4 Be7 6. Bc4 h6 7. Bxf4 c6 8. O-O
Nbd7 9. e5 dxe5 10. dxe5 Nh5 11. Be3 Bc5 12. Bxf7+ Kxf7 13. Nd4+ Ndf6 14. exf6
g6 15. Ne4 Qd5 16. Nxc5 Qxc5 17. c3 Qe5 18. Qb3+ Qd5 19. Qxd5+ cxd5 20. Nb5
Nxf6 21. Bd4 Bf5 22. Bxf6 Kxf6 23. g4 a6 24. Nd4 Kg5 25. gxf5 gxf5 26. Rxf5+
Kh4 27. Raf1 Rhg8+ 28. Kf2 Rg5 29. Nf3+ Kg4 30. Rxg5+ hxg5 31. Rg1+ Kf4 32.
Rxg5 Rf8 33. Rxd5 Rf7 34. h4 Ke4 35. Rd4+ Kf5 36. h5 Rh7 37. Kg3 Rxh5 38. Rd5+
Kg6 39. Rxh5 Kxh5 40. Kf4 Kg6 41. Ke5 Kf7 42. Kd6 Ke8 43. Kc7 b5 44. b3 a5 45.
a4 bxa4 46. bxa4 1-0

[Event "Frankfurt Ch A 2015"]
[Site "Ffm-Höchst, BiKuZ"]
[Date "2015.05.18"]
[Round "4.50"]
[White "Bergmann, Michael"]
[Black "Weiland, Thomas"]
[Result "0-1"]
[WhiteElo "1590"]
[BlackElo "1756"]
[PlyCount "120"]
[EventDate "2015.??.??"]
[WhiteTeam "SF Frankfurt"]
[BlackTeam "SV Oberursel"]

1. e4 d5 2. exd5 Qxd5 3. Nc3 Qa5 4. d4 Nf6 5. Nf3 Bf5 6. Bd3 e6 7. O-O Be7 8.
Ne5 Bxd3 9. Qxd3 c6 10. Bd2 Qd8 11. Rad1 Nbd7 12. Bf4 O-O 13. Rfe1 Nb6 14. Re3
Re8 15. Rh3 g6 16. Qg3 Nbd5 17. Bg5 Nxc3 18. bxc3 Ne4 19. Bxe7 Qxe7 20. Qe3 f5
21. f3 Nf6 22. Qh6 Qg7 23. Qg5 Rad8 24. Re1 Rd5 25. Qe3 Ra5 26. c4 Rxa2 27. Qb3
Ra6 28. c5 b5 29. c4 bxc4 30. Qxc4 Qb7 31. f4 Ra5 32. Rb3 Rb5 33. Reb1 a6 34.
Rxb5 axb5 35. Qd3 Ne4 36. h4 Ra8 37. Qb3 Qc8 38. Rb2 Ra4 39. Nf3 h6 40. Ra2
Rxa2 41. Qxa2 Nc3 42. Qd2 b4 43. Ne5 Kh7 44. Kh2 Qd8 45. Kh3 Qa8 46. Qe3 Qa3
47. Nxc6 Ne2 48. Qxa3 bxa3 49. Nb4 Nxd4 50. Kg3 Kg7 51. Kf2 Kf7 52. Ke3 Nc6 53.
Na2 Ke7 54. Kd2 Kf6 55. Kc3 e5 56. fxe5+ Kxe5 57. Kc4 f4 58. Kb5 Nd4+ 59. Kb6
Ke6 60. c6 Nxc6 0-1

[Event "Frankfurt Ch A 2015"]
[Site "Ffm-Höchst, BiKuZ"]
[Date "2015.05.18"]
[Round "4.51"]
[White "Müller, Mark"]
[Black "Leichum, Engelbert"]
[Result "0-1"]
[WhiteElo "1733"]
[BlackElo "1578"]
[PlyCount "50"]
[EventDate "2015.??.??"]
[WhiteTeam "SC Diez"]
[BlackTeam "vereinslos"]

1. e4 d5 2. exd5 Nf6 3. c4 e6 4. dxe6 Bxe6 5. Nf3 Nc6 6. Be2 Bc5 7. O-O Nd4 8.
Nc3 Nxf3+ 9. Bxf3 c6 10. d3 h6 11. a3 O-O 12. b4 Bb6 13. Be3 Bc7 14. b5 Qd6 15.
g3 g5 16. bxc6 bxc6 17. c5 Qd7 18. Qd2 Nh7 19. d4 Ba5 20. Rfb1 f5 21. Kh1 f4
22. gxf4 gxf4 23. Rg1+ Ng5 24. Bxf4 Bxc3 25. Qxc3 Rxf4 0-1

[Event "Frankfurt Ch A 2015"]
[Site "Ffm-Höchst, BiKuZ"]
[Date "2015.05.18"]
[Round "4.52"]
[White "Thede, Stefan"]
[Black "Kirschner, Matthias"]
[Result "1-0"]
[WhiteElo "1608"]
[BlackElo "1573"]
[PlyCount "83"]
[EventDate "2015.??.??"]
[WhiteTeam "SV Frankfurt Nord"]
[BlackTeam "SV Nauheim"]

1. c4 d6 2. d4 e5 3. dxe5 dxe5 4. Qxd8+ Kxd8 5. Nc3 c6 6. Nf3 f6 7. e4 Kc7 8.
a3 a5 9. Be3 Nd7 10. Be2 Bc5 11. Bd2 Ne7 12. O-O Nb6 13. Na2 a4 14. Bb4 Bxb4
15. axb4 Be6 16. c5 Nc4 17. Bxc4 Bxc4 18. Rfd1 Rhd8 19. Nc3 Rxd1+ 20. Rxd1 Bb5
21. Ne1 Rd8 22. Rxd8 Kxd8 23. Nc2 Nc8 24. f3 Bc4 25. Na3 Bb3 26. Kf2 Na7 27.
Ke3 Kc7 28. h4 b5 29. g4 Nc8 30. f4 Ne7 31. h5 exf4+ 32. Kxf4 Bf7 33. e5 fxe5+
34. Kxe5 Kd7 35. Nc2 Ng8 36. Ne3 Nf6 37. h6 Ng8 38. hxg7 Bg6 39. Nf5 Bf7 40.
Ne4 Bd5 41. Nf6+ Nxf6 42. Kxf6 1-0

[Event "Frankfurt Ch A 2015"]
[Site "Ffm-Höchst, BiKuZ"]
[Date "2015.05.18"]
[Round "4.53"]
[White "Lehmann, Gerit"]
[Black "Falkenhainer, Sven"]
[Result "0-1"]
[WhiteElo "1487"]
[BlackElo "1605"]
[PlyCount "50"]
[EventDate "2015.??.??"]
[WhiteTeam "SF Frankfurt"]
[BlackTeam "SC Bergen-Enkheim"]

1. d4 e6 2. c4 d5 3. Nc3 Nf6 4. cxd5 exd5 5. Bf4 c6 6. Nf3 Bd6 7. Bxd6 Qxd6 8.
e3 Bg4 9. Be2 Nbd7 10. Rc1 O-O 11. O-O Rfe8 12. Re1 Re7 13. Qc2 g6 14. Nd2 Bxe2
15. Rxe2 Ng4 16. g3 f5 17. h3 Ngf6 18. Rce1 Rae8 19. f4 Nh5 20. Kf2 Ndf6 21.
Nf3 b5 22. a3 a5 23. b4 axb4 24. axb4 Qxb4 25. Rb1 Qxc3 0-1

[Event "Frankfurt Ch A 2015"]
[Site "Ffm-Höchst, BiKuZ"]
[Date "2015.05.18"]
[Round "4.54"]
[White "Winter, Olaf"]
[Black "Jähnert, Wolfgang"]
[Result "0-1"]
[WhiteElo "1597"]
[BlackElo "1557"]
[PlyCount "81"]
[EventDate "2015.??.??"]
[WhiteTeam "SK Bad Homburg"]
[BlackTeam "SC Nidderau"]

1. c4 d5 2. cxd5 Qxd5 3. Nc3 Qd8 4. g3 e6 5. a3 c6 6. Bg2 Nf6 7. e3 Be7 8. Nge2
Nbd7 9. d4 Nf8 10. b4 a6 11. Bb2 Nd5 12. O-O Bf6 13. Ne4 Be7 14. Qc2 Nd7 15.
Rfd1 O-O 16. Nc5 Qe8 17. e4 Nc7 18. Nf4 Nf6 19. h3 h6 20. Qe2 Bxc5 21. dxc5 Qe7
22. Be5 Rd8 23. Rxd8+ Qxd8 24. Rd1 Qe7 25. Bd6 Qd7 26. a4 Nce8 27. Nh5 Nxh5 28.
Qxh5 Nf6 29. Qh4 e5 30. f4 exf4 31. gxf4 Ne8 32. Qg3 Nf6 33. Kh2 Qe6 34. f5 Qc4
35. Be7 Nd7 36. f6 g6 37. Qc7 Qe6 38. Qd8+ Kh7 39. Bf3 h5 40. Qe8 Nxf6 41. Qf8
0-1

[Event "Frankfurt Ch A 2015"]
[Site "Ffm-Höchst, BiKuZ"]
[Date "2015.05.18"]
[Round "4.55"]
[White "Bergner, Matthias"]
[Black "Imelmann, Esther"]
[Result "1/2-1/2"]
[WhiteElo "1558"]
[BlackElo "1590"]
[PlyCount "175"]
[EventDate "2015.??.??"]
[WhiteTeam "SV Neu-Isenburg"]
[BlackTeam "Vorw.Orient Mainz"]

1. d4 d5 2. c4 c6 3. Nc3 e6 4. e3 Nf6 5. Nf3 Be7 6. g3 Nbd7 7. cxd5 exd5 8. Bg2
O-O 9. O-O Re8 10. Bd2 Bd6 11. a3 a5 12. Na2 Ne4 13. b4 Nxd2 14. Qxd2 axb4 15.
axb4 Nf6 16. Ne1 Ne4 17. Qb2 f5 18. Nd3 Qe7 19. Nc3 Be6 20. Nc5 Bf7 21. Rxa8
Rxa8 22. Ra1 Rxa1+ 23. Qxa1 b6 24. N3xe4 fxe4 25. Qa8+ Qe8 26. Qxe8+ Bxe8 27.
Na4 Bxb4 28. Nxb6 Kf7 29. Na4 Ke6 30. Bh3+ Kd6 31. Nb2 Bh5 32. g4 Be8 33. Kg2
g5 34. f3 exf3+ 35. Kxf3 Bg6 36. Ke2 Be4 37. Nd3 Bc3 38. Ne5 Bg6 39. Nf3 h6 40.
Ne5 Be8 41. Nd3 Ba5 42. Nc5 Bc7 43. Bg2 Bb6 44. Nb3 Bg6 45. Nd2 c5 46. dxc5+
Bxc5 47. h3 Bb4 48. Nf1 Ke5 49. Kf2 Be4 50. Bxe4 Kxe4 51. Ng3+ Kd3 52. Kf3 Bd2
53. Nf5 Bc1 54. Ne7 Bxe3 55. Nxd5 Bd2 56. Ne7 Bc3 57. Nf5 Bd2 58. Nxh6 Bc1 59.
Nf7 Bd2 60. Ne5+ Kd4 61. Nc6+ Kd5 62. Ne7+ Ke5 63. Nf5 Bc1 64. h4 gxh4 65. Nxh4
Kf6 66. Ng2 Kg5 67. Ne1 Be3 68. Nc2 Bd2 69. Nd4 Bc1 70. Ne6+ Kf6 71. Nf4 Kg5
72. Nh3+ Kh4 73. Nf2 Kg5 74. Kg3 Bf4+ 75. Kh3 Bc1 76. Ne4+ Kf4 77. Nf2 Kg5 78.
Nd3 Bd2 79. Ne5 Bc1 80. Nf3+ Kf4 81. Ng1 Kg5 82. Kg3 Bf4+ 83. Kf3 Bc1 84. Ne2
Bd2 85. Ng3 Bc1 86. Ne4+ Kh4 87. Nf2 Kg5 88. Nh3+ 1/2-1/2

[Event "Frankfurt Ch A 2015"]
[Site "Ffm-Höchst, BiKuZ"]
[Date "2015.05.18"]
[Round "4.56"]
[White "Varma, Christopher"]
[Black "Kletzerman, Simon"]
[Result "0-1"]
[WhiteElo "1718"]
[BlackElo "1531"]
[PlyCount "88"]
[EventDate "2015.??.??"]
[WhiteTeam "SC Bad Nauheim"]
[BlackTeam "TuS Makkabi"]

1. e4 e5 2. Nf3 Nf6 3. Nc3 Bb4 4. g3 Bxc3 5. bxc3 d6 6. d3 O-O 7. Bg2 Bg4 8.
O-O h6 9. Rb1 b6 10. h3 Be6 11. c4 c5 12. Nh4 Qd7 13. Kh2 Nh7 14. Nf5 Nc6 15.
f4 f6 16. Nh4 Bf7 17. f5 Ne7 18. Bf3 Ng5 19. Bh5 Qe8 20. Bxf7+ Qxf7 21. Be3 Kh7
22. Ng2 Kh8 23. g4 Qe8 24. h4 Nf7 25. c3 Qc6 26. Kg3 Kh7 27. g5 Kg8 28. Qh5 Qe8
29. gxf6 gxf6 30. Bxh6 Nxh6 31. Qxh6 Qf7 32. Kh3 Qh7 33. Qd2 Kf7 34. Ne3 Rh8
35. Qf2 Qh5 36. Rg1 Rh7 37. Rg4 Rg8 38. Rxg8 Nxg8 39. Nd5 Rg7 40. Ne3 Nh6 41.
Rg1 Rh7 42. Qg3 Kf8 43. Qg6 Qf3+ 44. Rg3 Qh1# 0-1

[Event "Frankfurt Ch A 2015"]
[Site "Ffm-Höchst, BiKuZ"]
[Date "2015.05.18"]
[Round "4.57"]
[White "Richter, Wolfram"]
[Black "Gude, Michael"]
[Result "1-0"]
[WhiteElo "1521"]
[BlackElo "1661"]
[PlyCount "61"]
[EventDate "2015.??.??"]
[WhiteTeam "SK Bad Sooden-Allendorf"]
[BlackTeam "SF Fürth"]

1. Nf3 f5 2. d4 Nf6 3. b3 e6 4. Bb2 d5 5. Nbd2 Bd6 6. e3 O-O 7. c4 c6 8. Bd3
Ne4 9. Qc2 Nd7 10. O-O Ndf6 11. Ne5 Bd7 12. a4 Rc8 13. f3 Nxd2 14. Qxd2 Be8 15.
Rae1 b6 16. Re2 Qc7 17. Rfe1 Bh5 18. Kh1 Qb8 19. Rg1 Rfd8 20. Qc2 Bxe5 21. dxe5
Nd7 22. g4 dxc4 23. Bxc4 fxg4 24. Bxe6+ Bf7 25. Bxf7+ Kxf7 26. Qc4+ Ke7 27.
Rxg4 g6 28. Qf4 Rf8 29. Qg5+ Ke6 30. Rd2 c5 31. Rd6+ 1-0

[Event "Frankfurt Ch B 2015"]
[Site "Ffm-Höchst, BiKuZ"]
[Date "2015.05.18"]
[Round "4.1"]
[White "Giebitz, Walter"]
[Black "Urbach, Jens"]
[Result "0-1"]
[WhiteElo "1326"]
[BlackElo "1408"]
[PlyCount "174"]
[EventDate "2015.??.??"]
[WhiteTeam "SC Steinbach"]
[BlackTeam "SF Frankfurt"]

1. e4 e6 2. Nf3 d5 3. exd5 exd5 4. d3 Nf6 5. Bd2 Bd6 6. Nc3 O-O 7. Be2 c5 8.
O-O Bd7 9. Re1 Qc7 10. g3 a6 11. Bg5 Qd8 12. Nxd5 Be7 13. Nxe7+ Qxe7 14. Bf1
Qd6 15. Bg2 Bc6 16. Bxf6 Qxf6 17. c3 Nd7 18. d4 Rfe8 19. Qd3 c4 20. Qd1 Rxe1+
21. Nxe1 Bxg2 22. Kxg2 Rd8 23. Qf3 Qb6 24. Qe2 Qe6 25. Qf3 Qb6 26. Rb1 a5 27.
Nc2 Qg6 28. Qe2 Kf8 29. Re1 Qc6+ 30. Qf3 Qg6 31. Qe4 Qxe4+ 32. Rxe4 Nf6 33. Re5
b6 34. Na3 Rc8 35. h3 Nd7 36. Re2 f5 37. Nb5 Rc6 38. d5 Rc5 39. Nd6 Nf6 40.
Nxf5 Rxd5 41. g4 Rd7 42. Nd4 Nd5 43. Kg3 g6 44. Re6 Kf7 45. Re4 Rd6 46. Nf3 b5
47. Nd4 Nf6 48. Re5 b4 49. Nb5 Rd3+ 50. Re3 Ne4+ 51. Kg2 bxc3 52. Nxc3 Nxc3 53.
bxc3 Rd2 54. Re4 Rxa2 55. Rxc4 a4 56. Rc7+ Kf6 57. Rxh7 a3 58. Ra7 Ra1 59. c4
a2 60. c5 Rc1 61. Rxa2 Rxc5 62. Re2 Rc3 63. Re3 Rc2 64. Kg3 Rc4 65. f4 Rc5 66.
Kh4 Rc8 67. Re5 Rh8+ 68. Kg3 Rc8 69. f5 Kxe5 70. Kh4 gxf5 71. g5 Ke6 72. Kg3
Rf8 73. Kf4 Rh8 74. g6 Rxh3 75. Kg5 Rg3+ 76. Kh6 Rxg6+ 77. Kxg6 f4 78. Kg5 f3
79. Kg4 f2 80. Kg3 f1=Q 81. Kg4 Kf6 82. Kg3 Kg5 83. Kh2 Qf2+ 84. Kh1 Qe2 85.
Kg1 Kg4 86. Kh1 Kg3 87. Kg1 Qg2# 0-1

[Event "Frankfurt Ch B 2015"]
[Site "Ffm-Höchst, BiKuZ"]
[Date "2015.05.18"]
[Round "4.2"]
[White "Klikic, Drazen"]
[Black "Brunner, Andreas"]
[Result "1-0"]
[WhiteElo "1279"]
[BlackElo "1317"]
[PlyCount "73"]
[EventDate "2015.??.??"]
[WhiteTeam "SC Nied"]
[BlackTeam "TSG Nieder-Erlenbach"]

1. e4 e5 2. Nf3 Nc6 3. Bb5 d6 4. d4 Bd7 5. Nc3 a6 6. Bxc6 Bxc6 7. dxe5 Qd7 8.
O-O O-O-O 9. Be3 h6 10. Qd4 Qe6 11. Rad1 g5 12. exd6 Nf6 13. d7+ Nxd7 14. Qxh8
Bc5 15. Qxd8+ Kxd8 16. Bxc5 Kc8 17. Bd4 g4 18. Nh4 h5 19. Nf5 b5 20. a3 Bb7 21.
f3 c5 22. Bf2 gxf3 23. gxf3 Ne5 24. Bg3 f6 25. Nd6+ Kc7 26. Nxb7 Kxb7 27. Bxe5
fxe5 28. Rd5 h4 29. Rf2 h3 30. Rfd2 Qg6+ 31. Kf1 Qf6 32. Rd7+ Kb8 33. Rd8+ Kb7
34. R2d7+ Kc6 35. Rd6+ Qxd6 36. Rxd6+ Kxd6 37. Kf2 1-0

[Event "Frankfurt Ch B 2015"]
[Site "Ffm-Höchst, BiKuZ"]
[Date "2015.05.18"]
[Round "4.3"]
[White "Lopez, Victor"]
[Black "Brand, Achim"]
[Result "1-0"]
[WhiteElo "1442"]
[BlackElo "1244"]
[PlyCount "77"]
[EventDate "2015.??.??"]
[WhiteTeam "SC Höchst"]
[BlackTeam "SVG Echzell"]

1. e4 e5 2. Nf3 Nc6 3. Bc4 Bc5 4. c3 Nf6 5. d3 d6 6. Bb3 Bg4 7. O-O O-O 8. Bc2
h6 9. b4 Bb6 10. a4 a6 11. Nbd2 Ba7 12. Re1 Re8 13. Nf1 Nh7 14. h3 Bh5 15. Ng3
Bg6 16. Be3 Bxe3 17. Rxe3 Nf6 18. Nh4 Bh7 19. Bb3 d5 20. Nhf5 Bxf5 21. Nxf5 Ne7
22. Qe2 Nxf5 23. exf5 e4 24. dxe4 Nxe4 25. Rd1 c6 26. Rdd3 Qd7 27. c4 Nd6 28.
cxd5 Rxe3 29. Qxe3 Nxf5 30. dxc6 Qxc6 31. Qf4 Qf6 32. Rd7 Rf8 33. Qc7 b5 34.
axb5 axb5 35. Qc5 Rb8 36. Rxf7 Qa1+ 37. Kh2 Kh8 38. Qxf5 Qc3 39. Bc2 1-0

[Event "Frankfurt Ch B 2015"]
[Site "Ffm-Höchst, BiKuZ"]
[Date "2015.05.18"]
[Round "4.5"]
[White "Both, Günter"]
[Black "Hartwig, Horst"]
[Result "1-0"]
[WhiteElo "1421"]
[BlackElo "1156"]
[PlyCount "57"]
[EventDate "2015.??.??"]
[WhiteTeam "SK Bischofsheim"]
[BlackTeam "TuS Hausen"]

1. e4 c5 2. Nf3 Nf6 3. e5 Nd5 4. c4 Nb4 5. a3 N4c6 6. d3 d6 7. exd6 Qxd6 8. Nc3
Nd4 9. Be2 Nxf3+ 10. Bxf3 Qe5+ 11. Be3 e6 12. d4 cxd4 13. Qxd4 Qxd4 14. Bxd4 a6
15. Rd1 Nd7 16. O-O e5 17. Rfe1 Bd6 18. c5 Bb8 19. c6 Ba7 20. cxd7+ Bxd7 21.
Rxe5+ Be6 22. Bxb7 Bxd4 23. Rxd4 Rd8 24. Rxd8+ Kxd8 25. Bxa6 Ke7 26. f4 Rd8 27.
Re3 Kf6 28. g3 Rd2 29. Ne4+ 1-0

[Event "Frankfurt Ch B 2015"]
[Site "Ffm-Höchst, BiKuZ"]
[Date "2015.05.18"]
[Round "4.6"]
[White "Herwig-Päutz, Martin"]
[Black "Klein, Simon"]
[Result "0-1"]
[WhiteElo "1320"]
[BlackElo "1028"]
[PlyCount "110"]
[EventDate "2015.??.??"]
[WhiteTeam "SF Friedberg"]
[BlackTeam "SF Frankfurt"]

1. d4 f5 2. e3 Nf6 3. Bd3 g6 4. Nc3 Nc6 5. a3 d6 6. f4 e5 7. fxe5 dxe5 8. dxe5
Nxe5 9. Bb5+ Bd7 10. Bxd7+ Qxd7 11. Qxd7+ Nfxd7 12. Nge2 c6 13. b3 Bg7 14. Nd4
Kf7 15. Bb2 Ng4 16. Ke2 Rhe8 17. Nd1 c5 18. Nb5 Bxb2 19. Nd6+ Kg8 20. Nxb2
Rxe3+ 21. Kd2 b6 22. h3 Re6 23. hxg4 Rxd6+ 24. Kc3 f4 25. Nc4 Rf6 26. Rad1 Rf7
27. Rhe1 f3 28. gxf3 Rxf3+ 29. Re3 Rxe3+ 30. Nxe3 Re8 31. Nd5 Kf7 32. Rf1+ Kg7
33. Rd1 Re4 34. g5 Re5 35. Nc7 Nf8 36. Rd8 Rxg5 37. Rxf8 Rg3+ 38. Kc4 Kxf8 39.
Ne6+ Kf7 40. Nd8+ Kf6 41. Nc6 h5 42. Nxa7 h4 43. Nc8 h3 44. Nxb6 h2 45. Nd5+
Ke5 46. Kxc5 h1=Q 47. c4 Rxb3 48. a4 Qe1 49. Kc6 Qa5 50. c5 Qxa4+ 51. Kc7 Qc4
52. c6 Qxd5 53. Kc8 Qxc6+ 54. Kd8 Rb8+ 55. Ke7 Qe6# 0-1

[Event "Frankfurt Ch B 2015"]
[Site "Ffm-Höchst, BiKuZ"]
[Date "2015.05.18"]
[Round "4.13"]
[White "Wenge, Hardy"]
[Black "Mees, Andreas"]
[Result "1-0"]
[WhiteElo "1127"]
[BlackElo "1238"]
[PlyCount "89"]
[EventDate "2015.??.??"]
[WhiteTeam "SF Friedberg"]
[BlackTeam "SV Groß-Gerau"]

1. e4 e5 2. Nf3 Nc6 3. Bb5 Nf6 4. Nc3 Be7 5. O-O O-O 6. Re1 a6 7. Bxc6 bxc6 8.
Nxe5 d5 9. Nxc6 Qd7 10. Nxe7+ Qxe7 11. Nxd5 Qd6 12. Nxf6+ Qxf6 13. e5 Qg6 14.
Re3 Bb7 15. Rg3 Qe6 16. d4 f5 17. f4 Rad8 18. c3 Rd7 19. Qb3 Bd5 20. Qa4 Rf6
21. a3 Qe7 22. c4 Bb7 23. Be3 Rh6 24. Rg5 Be4 25. Qb4 Qd8 26. d5 c6 27. d6 Re6
28. c5 h6 29. Rg3 Qe8 30. Qe1 h5 31. h4 Qd8 32. b4 Rb7 33. Rg5 g6 34. Qe2 Rg7
35. Qxa6 Bd5 36. b5 Qd7 37. b6 Re8 38. a4 Rb8 39. a5 Rb7 40. Qd3 Kh7 41. a6 Rb8
42. Bd4 Rgg8 43. a7 Ra8 44. Qa6 Rg7 45. e6 1-0

[Event "Frankfurt Ch B 2015"]
[Site "Ffm-Höchst, BiKuZ"]
[Date "2015.05.18"]
[Round "4.14"]
[White "Winter, Thomas"]
[Black "Mook, Karl-Jürgen"]
[Result "1/2-1/2"]
[WhiteElo "1238"]
[BlackElo "1297"]
[PlyCount "84"]
[EventDate "2015.??.??"]
[WhiteTeam "SC Steinbach"]
[BlackTeam "SC Sulzbach"]

1. e4 c5 2. Nf3 a6 3. Nc3 d6 4. d4 cxd4 5. Nxd4 Nf6 6. Bg5 h6 7. Bh4 Bd7 8. Qd2
Nc6 9. f3 b5 10. O-O-O Ne5 11. Kb1 e6 12. f4 Ng6 13. Bxf6 Qxf6 14. g3 Be7 15.
Bg2 Rd8 16. h4 O-O 17. h5 Nh8 18. Rde1 Rfe8 19. e5 dxe5 20. fxe5 Qg5 21. Qxg5
Bxg5 22. Ne4 Be7 23. Re3 f5 24. Nc3 Bc5 25. Rd3 Nf7 26. Nf3 Bc6 27. Re1 Bf2 28.
Re2 Rxd3 29. cxd3 Bxg3 30. d4 Rd8 31. Ng1 Bxg2 32. Rxg2 Bf4 33. Nf3 Ng5 34.
Nxg5 Bxg5 35. Ne2 Kf7 36. Kc2 f4 37. Rf2 Ke7 38. Kd3 Rf8 39. Ke4 Rc8 40. Kd3
Rf8 41. Ke4 Rc8 42. Kd3 Rf8 1/2-1/2

[Event "Frankfurt Ch B 2015"]
[Site "Ffm-Höchst, BiKuZ"]
[Date "2015.05.18"]
[Round "4.16"]
[White "Overkamp, Rüdiger"]
[Black "Häfner, Günther"]
[Result "1-0"]
[WhiteElo "1294"]
[BlackElo "780"]
[PlyCount "39"]
[EventDate "2015.??.??"]
[WhiteTeam "SF Heidelberg"]
[BlackTeam "TSG Nieder-Erlenbach"]

1. e4 e6 2. d4 d5 3. e5 a6 4. Nf3 Ne7 5. Bg5 Qd7 6. c4 Nf5 7. Bd3 Be7 8. Bxf5
exf5 9. Bxe7 Qxe7 10. cxd5 Nd7 11. Nc3 Nb6 12. Qb3 Nd7 13. O-O O-O 14. d6 cxd6
15. Nd5 Qe6 16. Ng5 Qh6 17. Ne7+ Kh8 18. Nxf7+ Rxf7 19. Qxf7 Nf6 20. Qf8+ 1-0

[Event "Frankfurt Ch B 2015"]
[Site "Ffm-Höchst, BiKuZ"]
[Date "2015.05.18"]
[Round "4.18"]
[White "Dolaberidze, Nico"]
[Black "Lochmann, Tobias"]
[Result "1-0"]
[WhiteElo "1097"]
[BlackElo "723"]
[PlyCount "33"]
[EventDate "2015.??.??"]
[WhiteTeam "SV Neu-Isenburg"]
[BlackTeam "SV Groß-Gerau"]

1. e4 e5 2. Nf3 Nc6 3. Nc3 Nf6 4. Bb5 Bb4 5. d3 O-O 6. Bg5 d6 7. O-O Bg4 8. Nd5
Qb8 9. Bxf6 gxf6 10. Nxf6+ Kg7 11. Nxg4 Qe8 12. c3 Ba5 13. b4 Bb6 14. Qd2 a6
15. Qh6+ Kg8 16. Nf6+ Kh8 17. Qxh7# 1-0

[Event "Frankfurt Ch B 2015"]
[Site "Ffm-Höchst, BiKuZ"]
[Date "2015.05.18"]
[Round "4.20"]
[White "Meister, Jörg"]
[Black "Fredershausen, Kurt"]
[Result "0-1"]
[WhiteElo "812"]
[BlackElo "1059"]
[PlyCount "78"]
[EventDate "2015.??.??"]
[WhiteTeam "SF Friedberg"]
[BlackTeam "SC Bad Soden"]

1. e4 e5 2. Nf3 Nc6 3. c3 Nf6 4. d3 h6 5. Be3 b6 6. Nbd2 Be7 7. h3 d5 8. Be2
Bb7 9. O-O O-O 10. exd5 Nxd5 11. Nc4 Nxe3 12. fxe3 Bf6 13. d4 e4 14. Nfd2 Re8
15. Qc2 Nb8 16. Rf4 Qd5 17. a3 Bg5 18. Rg4 f5 19. Rg3 Nd7 20. Ne5 Nxe5 21. dxe5
Qxe5 22. Nf1 Kh7 23. Rd1 Rad8 24. Rxd8 Rxd8 25. Qb3 Bh4 26. Kh2 Bxg3+ 27. Nxg3
Bc8 28. Qf7 Be6 29. Qe7 Qd6 30. Qxd6 Rxd6 31. b4 Rd2 32. a4 g5 33. Kg1 f4 34.
exf4 gxf4 35. Nxe4 Rxe2 36. Nf6+ Kg6 37. Ne8 c6 38. Nc7 Bc4 39. b5 c5 0-1

[Event "Frankfurt Ch A 2015"]
[Site "Ffm-Höchst, BiKuZ"]
[Date "2015.06.01"]
[Round "5.1"]
[White "Poetsch, Hagen"]
[Black "Khenkin, Igor"]
[Result "1/2-1/2"]
[WhiteElo "2464"]
[BlackElo "2578"]
[PlyCount "46"]
[EventDate "2015.??.??"]
[WhiteTeam "SF Schöneck"]
[BlackTeam "SG Porz"]

1. e4 d6 2. d4 Nf6 3. Nc3 e5 4. Nf3 Nbd7 5. Bc4 Be7 6. O-O O-O 7. a4 c6 8. Re1
exd4 9. Qxd4 Ng4 10. h3 Nge5 11. Be2 Nxf3+ 12. Bxf3 Ne5 13. Be2 Bf6 14. Qd1 Ng6
15. f4 Re8 16. Bd3 Bxc3 17. bxc3 Qh4 18. Rf1 Bxh3 19. f5 Ne5 20. gxh3 Qg3+ 21.
Kh1 Qxh3+ 22. Kg1 Qg3+ 23. Kh1 Qh3+ 1/2-1/2

[Event "Frankfurt Ch A 2015"]
[Site "Ffm-Höchst, BiKuZ"]
[Date "2015.06.01"]
[Round "5.2"]
[White "Keller, Peter"]
[Black "Milov, Leonid"]
[Result "0-1"]
[WhiteElo "2094"]
[BlackElo "2396"]
[PlyCount "64"]
[EventDate "2015.??.??"]
[WhiteTeam "Frankfurter TV"]
[BlackTeam "SC Noris-Tarrasch Nürnberg"]

1. e4 c5 2. Nf3 e6 3. d4 cxd4 4. Nxd4 a6 5. Nc3 Qc7 6. g3 Nc6 7. Bg2 h5 8. h3
h4 9. g4 Nge7 10. Nde2 Ng6 11. O-O Bc5 12. Na4 Ba7 13. c4 b5 14. cxb5 axb5 15.
Nac3 Ba6 16. a4 b4 17. Nb5 Bxb5 18. axb5 Bb8 19. f4 Rxa1 20. bxc6 Qxc6 21. Qb3
Qa4 22. Qc4 Qa6 23. Qxa6 Rxa6 24. Bd2 b3 25. Rf3 Ba7+ 26. Kh2 O-O 27. Rxb3 Rb8
28. Rxb8+ Bxb8 29. e5 d5 30. exd6 Bxd6 31. Be4 Rb6 32. Bxg6 Rxb2 0-1

[Event "Frankfurt Ch A 2015"]
[Site "Ffm-Höchst, BiKuZ"]
[Date "2015.06.01"]
[Round "5.3"]
[White "Reschke, Thomas"]
[Black "Stockmann, Michael"]
[Result "1/2-1/2"]
[WhiteElo "2054"]
[BlackElo "2193"]
[PlyCount "62"]
[EventDate "2015.??.??"]
[WhiteTeam "SC Frankfurt-West"]
[BlackTeam "SF Schöneck"]

1. c4 c6 2. Nf3 d5 3. e3 g6 4. Nc3 Bg7 5. d4 Nf6 6. Bd3 O-O 7. O-O Bf5 8. Re1
Bxd3 9. Qxd3 e6 10. e4 dxe4 11. Nxe4 Nxe4 12. Qxe4 Nd7 13. Bg5 Qb6 14. Qh4 Rfe8
15. b3 e5 16. Be3 exd4 17. Bxd4 Bxd4 18. Qxd4 Qxd4 19. Nxd4 Nc5 20. Kf1 Red8
21. Rad1 Rd7 22. Nf3 Nd3 23. Re2 Rad8 24. Red2 f6 25. g3 a5 26. Ne1 Ne5 27.
Rxd7 Rxd7 28. Rxd7 Nxd7 29. Ke2 Nc5 30. Nd3 Ne4 31. a4 Kf7 1/2-1/2